<?xml version="1.0" encoding="UTF-8"?>
<record
    xmlns:xsi="http://www.w3.org/2001/XMLSchema-instance"
    xsi:schemaLocation="http://www.loc.gov/MARC21/slim http://www.loc.gov/standards/marcxml/schema/MARC21slim.xsd"
    xmlns="http://www.loc.gov/MARC21/slim">

  <leader>01588nam a2200193 a 4500</leader>
  <controlfield tag="008">161215t2009    ag  |||g |||| 00| f spa d</controlfield>
  <datafield tag="020" ind1=" " ind2=" ">
    <subfield code="a">9789500728591</subfield>
  </datafield>
  <datafield tag="041" ind1=" " ind2=" ">
    <subfield code="a">spa</subfield>
  </datafield>
  <datafield tag="092" ind1=" " ind2=" ">
    <subfield code="c">863</subfield>
    <subfield code="l">3</subfield>
    <subfield code="s">ALL</subfield>
  </datafield>
  <datafield tag="100" ind1="1" ind2=" ">
    <subfield code="a">Allende, Isabel</subfield>
    <subfield code="9">3210</subfield>
  </datafield>
  <datafield tag="245" ind1=" " ind2="3">
    <subfield code="a">La suma de los d&#xED;as /</subfield>
    <subfield code="c">Isabel Allende</subfield>
  </datafield>
  <datafield tag="250" ind1=" " ind2=" ">
    <subfield code="a">9a ed.</subfield>
  </datafield>
  <datafield tag="260" ind1=" " ind2=" ">
    <subfield code="a">Buenos Aires:</subfield>
    <subfield code="b">Sudamericana;</subfield>
    <subfield code="c">2009.</subfield>
  </datafield>
  <datafield tag="300" ind1=" " ind2=" ">
    <subfield code="a">368 p.</subfield>
    <subfield code="c">25x16 cm.</subfield>
  </datafield>
  <datafield tag="500" ind1=" " ind2=" ">
    <subfield code="a">Allende, I. (2009). La suma de los d&#xED;as. (9a ed.). Buenos Aires : Sudamericana.</subfield>
  </datafield>
  <datafield tag="505" ind1=" " ind2=" ">
    <subfield code="a">En las p&#xE1;ginas de este libro, Isabel Allende narra con franqueza la historia reciente de su vida y la de su peculiar familia en California, en una casa abierta, llena de gente y de personajes literarios, y protegida por un esp&#xED;ritu: hijas perdidas, nietos y libros nacen, &#xE9;xitos y dolores, un viaje al mundo de las adicciones y otros a lugares remotos del mundo en busca de inspiraci&#xF3;n, junto a divorcios, encuentros, amores, separaciones, crisis de pareja y reconciliaciones. Tambi&#xE9;n es una historia de amor entre un hombre y una mujer maduros, que han salvado juntos muchos escollos sin perder ni la pasi&#xF3;n ni el humor, y de una familia moderna, desgarrada por conflictos y unida, a pesar de todo, por el cari&#xF1;o y la decisi&#xF3;n de salir adelante. Esta es la familia que descubrimos en Paula y que desciende de los personajes de la Casa de los Esp&#xED;ritus. Una obra al tiempo emotiva y escrita en el tono ir&#xF3;nico y apasionado que caracteriza a la autora, en la que nos entrega la suma de los d&#xED;as como mujer y como escritora. </subfield>
  </datafield>
  <datafield tag="655" ind1=" " ind2=" ">
    <subfield code="a">Novela</subfield>
    <subfield code="9">3091</subfield>
  </datafield>
  <datafield tag="942" ind1=" " ind2=" ">
    <subfield code="2">ddc</subfield>
    <subfield code="c">LIT</subfield>
  </datafield>
  <datafield tag="999" ind1=" " ind2=" ">
    <subfield code="c">3309</subfield>
    <subfield code="d">3309</subfield>
  </datafield>
  <datafield tag="952" ind1=" " ind2=" ">
    <subfield code="0">0</subfield>
    <subfield code="1">0</subfield>
    <subfield code="2">ddc</subfield>
    <subfield code="4">0</subfield>
    <subfield code="7">0</subfield>
    <subfield code="a">BFM</subfield>
    <subfield code="b">BFM</subfield>
    <subfield code="c">CR</subfield>
    <subfield code="d">2025-09-22</subfield>
    <subfield code="e">Donaci&#xF3;n Guerra, Valeria. Septiembre 2025.</subfield>
    <subfield code="l">0</subfield>
    <subfield code="o">863 3 ALL</subfield>
    <subfield code="p">5114</subfield>
    <subfield code="r">2025-09-22</subfield>
    <subfield code="t">Ej. 1</subfield>
    <subfield code="w">2025-09-22</subfield>
    <subfield code="y">LIT</subfield>
    <subfield code="z">Donaci&#xF3;n Guerra, Valeria. Septiembre 2025. Sede Tordos.</subfield>
    <subfield code="f"></subfield>
  </datafield>
</record>
